Normal view MARC view

Entry Topical Term

Number of records used in: 1

001 - CONTROL NUMBER

  • control field: 13366

003 - CONTROL NUMBER IDENTIFIER

  • control field: OSt

005 - DATE AND TIME OF LATEST TRANSACTION

  • control field: 20191118130132.0

008 - FIXED-LENGTH DATA ELEMENTS

  • fixed length control field: 191118|| aca||aabn | a|a d

040 ## - CATALOGING SOURCE

  • Original cataloging agency: OSt
  • Transcribing agency: OSt

150 ## - HEADING--TOPICAL TERM

  • Topical term or geographic name entry element: Nehru, Jawaharlal, -- 1889-1964

670 ## - SOURCE DATA FOUND

  • Source citation: Work cat.: (OSt)512218: Selected works of Jawaharlal Nehru, vol.80 (1 December 1962 - 31 January 1963), 2019

Powered by Koha